Равновесие и кинетика электродных реакций нитрилотриуксусных комплексов свинца (II) и цинка (II): автореферат диссертации на соискание ученой степени кандидата химических наук; спец. 02.00.05

Dades bibliogràfiques
Autor principal: Тарелкин А. В. Александр Владиславович
Autor corporatiu: Ленинградский государственный университет (ЛГУ)
Altres autors: Кравцов В. И. (научный руководитель)
Sumari:Защита сост. 28.12.1989 г.
Idioma:rus
Publicat: Ленинград, [Б. и.], 1989
Matèries:
Format: MixedMaterials Llibre
KOHA link:https://koha.lib.tpu.ru/cgi-bin/koha/opac-detail.pl?biblionumber=340687

MARC

LEADER 00000nam0a2200000 4500
001 340687
005 20231102005251.0
035 |a (RuTPU)RU\TPU\book\367610 
090 |a 340687 
100 |a 20180404d1989 k y0rusy50 ca 
101 0 |a rus 
102 |a RU 
105 |a y dm 001zy 
200 1 |a Равновесие и кинетика электродных реакций нитрилотриуксусных комплексов свинца (II) и цинка (II)  |e автореферат диссертации на соискание ученой степени кандидата химических наук  |e спец. 02.00.05  |f А. В. Тарелкин  |g Ленинградский государственный университет (ЛГУ) ; науч. рук. В. И. Кравцов 
210 |a Ленинград  |c [Б. и.]  |d 1989 
215 |a 16 с. 
300 |a Защита сост. 28.12.1989 г. 
320 |a Библиогр.: с. 16 (3 назв.) 
606 1 |a Металлы  |x Комплексные соединения  |x Электрохимия  |2 stltpush  |3 (RuTPU)RU\TPU\subj\75055  |9 86936 
610 1 |a электродные реакции 
610 1 |a равновесие 
610 1 |a комплексы 
610 1 |a свинец 
610 1 |a цинк 
610 1 |a библиотека А. Г. Стромберга 
610 1 |a авторефераты диссертаций 
675 |a 546.3-386(04)  |v 4 
686 |a 02.00.05  |2 oksvnk 
700 1 |a Тарелкин  |b А. В.  |g Александр Владиславович 
702 1 |a Кравцов  |b В. И.  |4 727 
712 0 2 |a Ленинградский государственный университет (ЛГУ)  |c (1924-1991)  |2 stltpush  |3 (RuTPU)RU\TPU\col\77 
801 1 |a RU  |b 63413507  |c 20180404 
801 2 |a RU  |b 63413507  |c 20180525  |g RCR 
942 |c BK